[Event "Luiz Rego Memorial 5th"]
[Site "Teresina"]
[Date "2017.08.04"]
[Round "1"]
[White "Prado Filho, Ricardo de Almeida"]
[Black "Barbosa, Evandro Amorim"]
[Result "0-1"]
[WhiteElo "1884"]
[BlackElo "2509"]
[PlyCount "86"]
[EventDate "2017.08.04"]
[EventType "swiss"]
[EventRounds "6"]
[EventCountry "BRA"]
[SourceTitle "CBM 180 Extra"]
[Source "ChessBase"]
[SourceDate "2017.10.06"]
[SourceVersion "1"]
[SourceVersionDate "2017.10.06"]
[SourceQuality "1"]

1. d4 Nf6 2. c4 c5 3. d5 b5 4. cxb5 a6 5. bxa6 g6 6. g3 d6 7. Bg2 Bg7 8. Nf3 0-0 9. 0-0 Nbd7 10. Nc3 Nb6 11. Rb1 Bf5 12. Ra1 Ne4 13. Nxe4 Bxe4 14. Nh4 Bxg2 15. Nxg2 Rxa6 16. e4 Qa8 17. a3 Na4 18. Qc2 Rb8 19. Rb1 Rab6 20. b4 Rc8 21. b5 Nc3 22. Rb3 Nxb5 23. Be3 Nxa3 24. Qa2 Rxb3 25. Qxb3 Rb8 26. Qd1 Qa6 27. Qf3 Nc4 28. Bg5 h6 29. Bf4 Qa2 30. Rd1 Rb1 31. Ne1 g5 32. Bc1 Ne5 33. Qh5 Qc4 34. f4 Rxc1 35. fxe5 Rxd1 36. Qxd1 Qxe4 37. exd6 Bd4+ 38. Kf1 Qh1+ 39. Ke2 Qxh2+ 40. Kf3 Qh5+ 41. g4 Qh3+ 42. Ke4 Qe3+ 43. Kf5 Qe5# 0-1

[Event "American Continental 10th"]
[Site "Praia da Pipa"]
[Date "2014.10.23"]
[Round "8"]
[White "Hurtado Bahamonde, Rodrigo And"]
[Black "Prado Filho, Ricardo de Almeida"]
[Result "1-0"]
[WhiteElo "2040"]
[BlackElo "1893"]
[PlyCount "49"]
[EventDate "2014.10.18"]
[EventType "swiss"]
[EventRounds "11"]
[EventCountry "BRA"]
[SourceTitle "EXT 2015"]
[Source "ChessBase"]
[SourceDate "2014.11.20"]
[SourceVersion "1"]
[SourceVersionDate "2014.11.20"]
[SourceQuality "1"]

1. e4 c5 2. Nf3 Nc6 3. d4 cxd4 4. Nxd4 e5 5. Nb5 a6 6. Nd6+ Bxd6 7. Qxd6 Qe7 8. Qd1 Nf6 9. Nc3 h6 10. Be3 Qb4 11. a3 Qa5 12. f3 b5 13. b4 Qc7 14. Bc5 Bb7 15. Bxb5 0-0-0 16. Bd6 Qb6 17. Bc5 Qc7 18. Bd6 Qb6 19. Na4 Qe3+ 20. Qe2 Qxe2+ 21. Bxe2 Rdg8 22. Bc4 Nd4 23. 0-0 Ne6 24. Bxe5 d5 25. Nb6+ 1-0

[Event "Joao Pessoa-ch"]
[Site "Joao Pessoa"]
[Date "2014.08.01"]
[Round "2"]
[White "Prado Filho, Ricardo de Almeida"]
[Black "Zallio, Luciano de Souza"]
[Result "0-1"]
[WhiteElo "1887"]
[BlackElo "2137"]
[PlyCount "38"]
[EventDate "2014.08.01"]
[EventType "swiss"]
[EventRounds "6"]
[EventCountry "BRA"]
[SourceTitle "CBM 161 Extra"]
[Source "ChessBase"]
[SourceDate "2014.08.29"]
[SourceVersion "1"]
[SourceVersionDate "2014.08.29"]
[SourceQuality "1"]

1. d4 Nf6 2. c4 e6 3. Nc3 Bb4 4. e3 d5 5. cxd5 Nxd5 6. Nge2 c5 7. dxc5 Nc6 8. a3 Bxc5 9. Nxd5 exd5 10. b4 Bd6 11. Bb2 0-0 12. g3 Bg4 13. Bg2 Be5 14. Bxe5 Nxe5 15. Qxd5 Qf6 16. f4 Nd3+ 17. Qxd3 Qxa1+ 18. Kf2 Qa2 19. Rd1 Rad8 0-1

[Event "Fortaleza Alves Memorial 19th"]
[Site "Fortaleza"]
[Date "2014.05.16"]
[Round "1"]
[White "Prado Filho, Ricardo de Almeida"]
[Black "Xavier, Lucca Lucas"]
[Result "1/2-1/2"]
[WhiteElo "1816"]
[BlackElo "2016"]
[PlyCount "102"]
[EventDate "2014.05.16"]
[EventType "swiss"]
[EventRounds "6"]
[EventCountry "BRA"]
[SourceTitle "CBM 160 Extra"]
[Source "ChessBase"]
[SourceDate "2014.07.01"]
[SourceVersion "1"]
[SourceVersionDate "2014.07.01"]
[SourceQuality "1"]

1. d4 Nf6 2. c4 e6 3. Nc3 d5 4. Bg5 Be7 5. e3 0-0 6. cxd5 Nxd5 7. Bxe7 Qxe7 8. Nf3 b6 9. Bd3 Bb7 10. 0-0 Nxc3 11. bxc3 c5 12. Ne5 Nc6 13. Qh5 g6 14. Qh6 Nxe5 15. dxe5 Rfd8 16. Bc4 Rd2 17. Rad1 Rad8 18. Bb3 b5 19. Rxd2 Rxd2 20. c4 Qd7 21. cxb5 Qxb5 22. Qf4 Ba6 23. Rb1 c4 24. e4 Rd3 25. h4 cxb3 26. axb3 Rxb3 27. Rd1 Rd3 28. Ra1 Qb6 29. h5 gxh5 30. Qg5+ Kf8 31. Qh6+ Ke8 32. Qxh7 Bb7 33. Qg8+ Ke7 34. Qg5+ Kd7 35. Qf6 Kc8 36. Qxf7 Kb8 37. Qxh5 Bxe4 38. Qe2 Qd4 39. Rb1+ Kc7 40. Rc1+ Bc6 41. Qc2 Qd5 42. f3 Rd2 43. Qh7+ Kb6 44. Rb1+ Ka6 45. Ra1+ Ra2 46. Rb1 Rxg2+ 47. Kh1 Qxf3 48. Rb6+ axb6 49. Qa7+ Kb5 50. Qxb6+ Kc4 51. Qxc6+ Qxc6 1/2-1/2

[Event "Luiz Rego Memorial"]
[Site "Teresina"]
[Date "2013.08.16"]
[Round "1"]
[White "Bastos, Werton Alvarenga"]
[Black "Prado Filho, Ricardo de Almeida"]
[Result "1-0"]
[WhiteElo "2059"]
[BlackElo "1787"]
[PlyCount "129"]
[EventDate "2013.08.16"]
[EventType "swiss"]
[EventRounds "6"]
[EventCountry "BRA"]
[SourceTitle "EXT 2014"]
[Source "ChessBase"]
[SourceDate "2013.11.20"]
[SourceVersion "1"]
[SourceVersionDate "2013.11.20"]
[SourceQuality "1"]

1. c4 e5 2. g3 Nf6 3. Bg2 d5 4. cxd5 Nxd5 5. Nc3 Be6 6. Nf3 Nc6 7. 0-0 Be7 8. d4 exd4 9. Nxd4 Nxc3 10. bxc3 Nxd4 11. cxd4 c6 12. Rb1 Qd7 13. Qa4 0-0 14. e4 b5 15. Qa6 Rab8 16. Be3 Bc4 17. Rfd1 Rfd8 18. a4 Qb7 19. axb5 cxb5 20. Qxb7 Rxb7 21. d5 Bd6 22. Bd4 f6 23. f4 Re8 24. Re1 Rbe7 25. Ra1 Bxd5 26. Rxa7 Rxa7 27. Bxa7 b4 28. Rd1 Bxe4 29. Bxe4 Rxe4 30. Rxd6 Re7 31. Rd8+ Kf7 32. Bc5 Rb7 33. Rd2 Ke6 34. Kf2 b3 35. Ba3 g5 36. fxg5 fxg5 37. Kf3 h5 38. h3 Rf7+ 39. Kg2 Ke5 40. Bb2+ Ke4 41. Re2+ Kd3 42. Rf2 Rc7 43. Kf1 g4 44. h4 Rc5 45. Ke1 Ke3 46. Rd2 Rb5 47. Rf2 Rd5 48. Bc1+ Ke4 49. Rf4+ Ke5 50. Rb4 Rd3 51. Bf4+ Kf5 52. Ke2 Rf3 53. Bb8 Rc3 54. Kd2 Rf3 55. Kc1 Rd3 56. Kb2 Rf3 57. Rxb3 Rf2+ 58. Kc3 Ke4 59. Kc4 Rd2 60. Kc5 Rd5+ 61. Kc6 Rd8 62. Bf4 Rd1 63. Re3+ Kf5 64. Re5+ Kg6 65. Rg5+ 1-0